Budgets for low income families. (Record no. 36377)
[ view plain ]
| 000 -LEADER | |
|---|---|
| fixed length control field | 00699cam a22002291 4500 |
| 001 - CONTROL NUMBER | |
| control field | l 42000075 |
| 003 - CONTROL NUMBER IDENTIFIER | |
| control field | DLC |
| 005 - DATE AND TIME OF LATEST TRANSACTION | |
| control field | 20260227111537.0 |
| 008 - FIXED-LENGTH DATA ELEMENTS--GENERAL INFORMATION | |
| fixed length control field | 820226s1940 mdu 000 0 eng c |
| 010 ## - LIBRARY OF CONGRESS CONTROL NUMBER | |
| LC control number | l 42000075 |
| 035 ## - SYSTEM CONTROL NUMBER | |
| System control number | (OCoLC)8199727 |
| 040 ## - CATALOGING SOURCE | |
| Original cataloging agency | U.S. Dept. of labor. Libr. |
| Transcribing agency | ODaU |
| Modifying agency | DLC |
| 042 ## - AUTHENTICATION CODE | |
| Authentication code | premarc |
| 050 00 - LIBRARY OF CONGRESS CALL NUMBER | |
| Classification number | HD6994.B3 |
| Item number | B3 |
| 110 2# - MAIN ENTRY--CORPORATE NAME | |
| Corporate name or jurisdiction name as entry element | Baltimore Council of Social Agencies. |
| 245 10 - TITLE STATEMENT | |
| Title | Budgets for low income families. |
| 260 ## - PUBLICATION, DISTRIBUTION, ETC. | |
| Place of publication, distribution, etc. | Baltimore, |
| Name of publisher, distributor, etc. | Baltimore Council of Social Agencies, |
| Date of publication, distribution, etc. | 1940. |
| 300 ## - PHYSICAL DESCRIPTION | |
| Extent | 43 p. |
| Dimensions | 23 cm. |
| 504 ## - BIBLIOGRAPHY, ETC. NOTE | |
| Bibliography, etc. note | Bibliography: p.42-43. |
| 650 #0 - SUBJECT ADDED ENTRY--TOPICAL TERM | |
| Topical term or geographic name entry element | Cost and standard of living |
| Geographic subdivision | Maryland |
| -- | Baltimore |
| 650 #0 - SUBJECT ADDED ENTRY--TOPICAL TERM | |
| Topical term or geographic name entry element | Home economics |
| General subdivision | Accounting |
No items available.